| 000 | 00491nam a22001817a 4500 | ||
|---|---|---|---|
| 999 |
_c442484 _d442484 |
||
| 003 | UA-OsUOA | ||
| 005 | 20191009140810.0 | ||
| 008 | 191009b un ||||| |||| 00| 0 ukr d | ||
| 040 |
_aUA-OsUOA _bukr _cUA-OsUOA _dUA-OsUOA |
||
| 041 | _aukr | ||
| 080 | _a821.161.1 | ||
| 090 |
_a821.161.1 _bБ43 |
||
| 245 |
_aБелорусские рассказы _cсост. П. Кобзаревский |
||
| 260 |
_aЛенинград _c1952 |
||
| 300 | _a313 с. | ||
| 942 |
_2udc _cBK |
||
| 955 | _a3 | ||